000 00400nam a2200157Ia 4500
008 231217s9999 xx 000 0 und d
041 _aEnglish
082 _a001.642 HAR;1 R
100 _aHarris, J Archer
245 0 _aOperating systems
260 _c2002
_bTata McGraw-Hill
_aNew Delhi
300 _avi+234
400 _aSchaums outline series
650 _aOperating,systems
942 _cAA
999 _c172701
_d172701